000
00207 a2200097 4500
001
47438
100
_a
Greer H
245
_a
A scattering of dust
260
_a
London
_b
Hutchinson
_c
090
_c
30466
_d
30466
942
_a
NUST-CAE
_c
M
_c
22743
999
_c
282511
_d
282511